00330nam a2200133 a 4500008004100000020001500041050001500056100002200071245003400093250001200127260002700139300002100166350000900187120416s1998 ||||||||||||||||| || u a0521646049 aQA 845 Gin aGinsberg, Jerry H10aAdvanced engineering dynamics a2nd ed. aCambridgebC.U.Pc1998 axv, 462p. : ill. a0.00